Paesi dell'Unione Sovietica - Statistics

Statistiche generali
  • Questo quiz è stato fatto 604 volte
  • Il punteggio medio è 13 su 15
Statistiche sulle risposte
Paesi dell'Unione Sovietica % Corretto
Ucraina
95%
Estonia
94%
Russia
94%
Bielorussia
93%
Lettonia
93%
Lituania
93%
Kazakistan
87%
Georgia
85%
Armenia
83%
Uzbekistan
82%
Moldavia
78%
Azerbaijan
77%
Turkmenistan
75%
Tagikistan
74%
Kirghizistan
72%
Nessun quiz corrispondente trovato
Distribuzione punteggi
Percentuale di utenti per punteggio
Percentile per numero di risposta
I tuoi punteggi nel tempo
Non hai fatto questo quiz